| 000 | 00799cam a2200193 4500 | ||
|---|---|---|---|
| 001 | WB3619-10 | ||
| 008 | 000000n2000 000 0 eng u | ||
| 035 | _a(Sirsi) u105988 | ||
| 245 | _aTreasury shatters hopes for securitised vehicle | ||
| 260 | _c2000 | ||
| 490 |
_aEstates Gazette _v(0019) 13 May 2000, 45(1) |
||
| 520 | _aThe government has confirmed it sees no value in further discussion of property industry plans for a vehicle to convert property assets into tradable securities. Cost/benefit analysis suggests revenue losses would result from this model. | ||
| 590 | _aWB | ||
| 650 | _aPROPERTY ASSETS | ||
| 650 | _aPROPERTY SECURITISATION IN THE UK | ||
| 650 | _aSECURITISATION | ||
| 690 | _aPROPERTY-COMMERCIAL PROPERTY-COMMERCIAL PROPERTY FINANCE AND INVESTMENT | ||
| 942 | _n0 | ||
| 999 |
_c63470 _d63470 |
||